Bayern Munich Most Expensive Signings - Statistics

General Stats
  • This quiz has been taken 60 times
  • The average score is 19 of 30
Answer Stats
Amount (€) Signed From Season Answer % Correct
€95.00m Tottenham Hotspur 23/24 Harry Kane
98%
€53.00m Crystal Palace 24/25 Michael Olise
96%
€70.00m Liverpool 25/26 Luis Diaz
86%
€35.00m Borussia Dortmund 16/17 Mats Hummels
84%
€50.00m Napoli 23/24 Min-jae Kim
84%
€49.00m Manchester City 20/21 Leroy Sane
80%
€30.00m Schalke 11/12 Manuel Neuer
75%
€67.00m Juventus 22/23 Matthijs de Ligt
75%
€30.00m Olympique de Marseille 07/08 Franck Ribery
73%
€37.00m Borussia Dortmund 13/14 Mario Gotze
73%
€21.00m Juventus 17/18 Kingsley Coman
71%
€80.00m Atletico Madrid 19/20 Lucas Hernandez
71%
€42.50m RB Leipzig 21/22 Dayot Upamecano
70%
€41.50m Olympique Lyonnais 17/18 Corentin Tolisso
66%
€25.00m Real Madrid 09/10 Arjen Robben
64%
€30.00m Shakhtar Donetsk 15/16 Douglas Costa
64%
€32.00m Liverpool 22/23 Sadio Mane
61%
€40.00m Athletic Club 12/13 Javi Martinez
59%
€51.00m Fulham 24/25 Joao Palhinha
59%
€30.00m Galatasaray 23/24 Sacha Boey
52%
€25.00m Barcelona 13/14 Thiago Alcantara
52%
€35.00m Stuttgart 19/20 Benjamin Pavard
50%
€30.00m Stuttgart 09/10 Mario Gomez
50%
€35.00m Benfica 16/17 Renato Sanches
50%
€20.00m Hoffenheim 17/18 Niklas Sule
48%
€39.25m Juventus 15/16 Arturo Vidal
45%
€23.50m Stuttgart 24/25 Hiroki Ito
39%
€20.00m Stade Rennais 22/23 Mathys Tel
34%
€19.75m Deportivo de La Coruna 03/04 Roy Makaay
32%
€28.00m AS Roma 14/15 Medhi Benatia
30%
No matching quizzes found
Score Distribution
Percent of People with Each Score
Percentile by Number Answered
Your Score History
You have not taken this quiz